Jalkapalloilijoita - Statistics

Yleistilastot
  • Tätä visaa on pelattu 403 kertaa
  • Keskiarvotulos 6 / 7
Vastaustilastot
Hint Vastaus % Oikein
Harry Kane Englanti
98%
Christian Eriksen Tanska
97%
Gareth Bale Wales
97%
Marco Reus Saksa
96%
Christian Pulisic Yhdysvallat
90%
James Rodriquez Kolumbia
87%
Kenny Dalglish Skotlanti
78%
Ehtoja vastaavia visoja ei löytynyt
Tulosjakauma
Jokaisen tuloksen saaneiden osuus
Persentiili vastausten määrän mukaan
Tuloshistoriasi
Et ole pelannut tätä visaa